LEADER 01257nam0-22003971i-450- 001 990001116770403321 005 20101206135907.0 010 $a0-12-056740-7 035 $a000111677 035 $aFED01000111677 035 $a(Aleph)000111677FED01 035 $a000111677 100 $a20001205d1993----km-y0itay50------ba 101 0 $aeng 200 1 $aDifferential equations with applications to mathematical physics$fedited by W.F. Ames, E.M. Harrell II, J.V. Herod 210 $aBoston [etc.]$cAcademic Press$d1993 215 $aix, 350 p.$d24 cm 225 1 $aMathematics in science and engineering$v192 610 0 $aEquazioni differenziali e integro$aDifferenziali 610 0 $aEquazioni differenziali 610 0 $aFisica matematica 676 $a517.37 676 $a515.35 700 1$aAmes,$bWilliam F.$g$012287 701 1$aHarrell,$bEvans M.$040687 701 1$aHerod,$bJ. V.$053531 801 0$aIT$bUNINA$gRICA$2UNIMARC 901 $aBK 912 $a990001116770403321 952 $aC-26-(192$b10778$fMA1 952 $a15-195$b19329$fFI1 959 $aFI1 959 $aMA1 962 $a34-XX 996 $aDifferential equations with applications to mathematical physics$9337420 997 $aUNINA LEADER 00725nam0-22002531i-450- 001 990001247070403321 035 $a000124707 035 $aFED01000124707 035 $a(Aleph)000124707FED01 035 $a000124707 100 $a20000920d1958----km-y0itay50------ba 101 1$aeng 200 1 $aToeplitz Forms and their Applications$fBY GRENADER - SZEGO 210 $as.l.$cUniversity of California Press$d1958 700 1$aGrenader,$bUlf$0346277 702 1$aSzegö,$bGiorgio P.$f<1934- > 801 0$aIT$bUNINA$gRICA$2UNIMARC 901 $aBK 912 $a990001247070403321 952 $a10-H-9$b3051$fMA1 959 $aMA1 996 $aToeplitz Forms and their Applications$9381643 997 $aUNINA DB $aING01 LEADER 01768oam 2200469M 450 001 9910716250703321 005 20200213070510.8 035 $a(CKB)5470000002519618 035 $a(OCoLC)1065782409 035 $a(OCoLC)995470000002519618 035 $a(EXLCZ)995470000002519618 100 $a20071213d1926 ua 0 101 0 $aeng 135 $aurcn||||||||| 181 $ctxt$2rdacontent 182 $cc$2rdamedia 183 $acr$2rdacarrier 200 10$aBeneficiaries of Lieut. Lewis Wesley Kitchens, deceased. May 27, 1926. -- Committed to the Committee of the Whole House and ordered to be printed 210 1$a[Washington, D.C.] :$c[U.S. Government Printing Office],$d1926. 215 $a1 online resource (2 pages) 225 1 $aHouse report / 69th Congress, 1st session. House ;$vno. 1326 225 1 $a[United States congressional serial set ] ;$v[serial no. 8537] 300 $aBatch processed record: Metadata reviewed, not verified. Some fields updated by batch processes. 300 $aFDLP item number not assigned. 606 $aClaims 606 $aSurvivors' benefits 606 $aWar risk insurance 606 $aWorld War, 1914-1918 608 $aLegislative materials.$2lcgft 615 0$aClaims. 615 0$aSurvivors' benefits. 615 0$aWar risk insurance. 615 0$aWorld War, 1914-1918. 701 $aWinter$b Charles E$g(Charles Edwin),$f1870-1948$pRepublican (WY)$01387987 801 0$bWYU 801 1$bWYU 801 2$bOCLCO 801 2$bOCLCQ 906 $aBOOK 912 $a9910716250703321 996 $aBeneficiaries of Lieut. Lewis Wesley Kitchens, deceased. May 27, 1926. -- Committed to the Committee of the Whole House and ordered to be printed$93514209 997 $aUNINA